| 000 | 06765cam a2200589 i 4500 | ||
|---|---|---|---|
| 001 | 18664867 | ||
| 003 | OSt | ||
| 005 | 20250610133311.0 | ||
| 008 | 150618t20162016enka b 001 0 eng c | ||
| 010 | _a 2015944382 | ||
| 015 |
_aGBB5B9327 _2bnb |
||
| 016 | 7 |
_a017531529 _2Uk |
|
| 020 |
_a9780198755968 _q(paperback) |
||
| 020 | _a9780199697311 | ||
| 020 |
_a0199697310 _q(paperback) |
||
| 035 | _a(OCoLC)ocn938286296 | ||
| 040 |
_aAU@ _beng _cAU@ _erda _dYDXCP _dOCLCQ _dCDX _dOCLCF _dZWZ _dKIJ _dGRG _dUKWOH _dEOS _dUPM _dLIP _dITD _dERD _dDHA _dSHS _dOCLCQ _dU3G _dDLC |
||
| 042 | _apcc | ||
| 050 | 0 | 0 |
_aHF5387 _b.C73 2016 |
| 072 | 7 |
_aSOC _2eflch |
|
| 072 | 7 |
_aSOC _2ukslc |
|
| 082 | 0 | 0 |
_a174.4 _bCRA/B |
| 100 | 1 |
_aCrane, Andrew, _d1968- _eauthor. _910556 |
|
| 245 | 1 | 0 |
_aBusiness ethics : _bmanaging corporate citizenship and sustainability in the age of globalization / _cAndrew Crane, Dirk Matten. |
| 250 | _aInternational edition. | ||
| 264 | 1 |
_aOxford : _bOxford University Press, _c[2016] |
|
| 264 | 4 | _c©2016 | |
| 300 |
_axv, 605 pages : _billustrations ; _c25 cm |
||
| 336 |
_atext _btxt _2rdacontent |
||
| 337 |
_aunmediated _bn _2rdamedia |
||
| 338 |
_avolume _bnc _2rdacarrier |
||
| 500 | _a"First edition: 2004; Second edition: 2007; Third edition 2010"--Title page verso. | ||
| 504 | _aIncludes bibliographical references (pages 549-578) and indexes. | ||
| 505 | 0 | _aMachine generated contents note: pt. A Understanding Business Ethics -- 1. Introducing Business Ethics -- What is business ethics? -- Why is business ethics important? -- Business ethics in different organizational contexts -- Globalization: a key context for business ethics? -- Sustainability: a key goal for business ethics? -- Summary -- 2. Framing Business Ethics -- Corporate Responsibility, Stakeholders, And Citizenship -- Towards a framework for business ethics -- What is a corporation? -- Corporate social responsibility -- Stakeholder theory of the firm -- Corporate citizenship -- the firm as a political actor -- Summary -- 3. Evaluating Business Ethics -- Normative Ethical Theories -- Introduction -- The role of ethical theory -- Normative ethical theories: International origins and differences -- Normative ethical theories and religion -- Western modernist ethical theories -- Alternative perspectives on ethical theory -- Summary: towards a pragmatic use of ethical theory. | |
| 505 | 0 | _aNote continued: 4. Making Decisions in Business Ethics -- Descriptive Ethical Theories -- Introduction -- What is an ethical decision? -- Models of ethical decision-making -- Individual Influences on ethical decision-making -- Situational influences on decision-making -- Summary -- 5. Managing Business Ethics -- Tools And Techniques Of Business Ethics Management -- Introduction -- What Is business ethics management? -- Setting standards of ethical behaviour: designing and implementing codes of ethics -- Managing stakeholder relations -- Assessing ethical performance -- Organizing for business ethics management -- Summary -- pt. B Contextualizing Business Ethics -- The Corporate Citizen and its Stakeholders -- 6. Shareholders and Business Ethics -- Introduction: reassessing the importance of shareholders as stakeholders -- Shareholders as stakeholders: understanding corporate governance -- Ethical Issues in corporate governance -- Shareholders and globalization. | |
| 505 | 0 | _aNote continued: Shareholders as citizens of the corporation -- Shareholding for sustainability -- Summary -- 7. Employees and Business Ethics -- Introduction -- Employees as stakeholders -- Ethical issues In the firm-employee relation -- Employing people worldwide: the ethical challenges of globalization -- The corporate citizen and employee relations -- Towards sustainable employment -- Summary -- 8. Consumers and Business Ethics -- Introduction -- Consumers as stakeholders -- Ethical issues, marketing, and the consumer -- Globalization and consumers: the ethical challenges of the global marketplace -- Consumers and corporate citizenship: consumer sovereignty and the politics of purchasing -- Sustainable consumption -- Summary -- 9. Suppliers, Competitors, and Business Ethics -- Introduction -- Suppliers and competitors as stakeholders -- Ethical issues and suppliers -- Ethical issues and competitors. | |
| 505 | 0 | _aNote continued: Globalization, suppliers, and competitors: the ethical challenges of global business networks -- The corporate citizen in business-to-business relationships: ethical sourcing and fair trade -- Sustainability and business relationships: towards industrial ecosystems? -- Summary -- 10. Civil Society and Business Ethics -- Introduction -- Civil society organizations as stakeholders -- Ethical issues and CSOs -- Globalization and civil society organizations -- Corporate citizenship and civil society: charity, collaboration, enterprise, or regulation? -- Civil society, business, and sustainability -- Summary -- 11. Government, Regulation, and Business Ethics -- Introduction -- Government as a stakeholder -- Ethical issues in the relationship between business and government -- Globalization and business-government relations -- Corporate citizenship and regulation: business as key player in the regulatory game -- Governments, business, and sustainability. | |
| 505 | 0 | _aNote continued: Summary -- 12. Conclusions and Future Perspectives -- Introduction -- The nature and scope of business ethics -- Globalization as a context for business ethics -- Sustainability as a goal for business ethics -- Corporate citizenship and business ethics -- The contribution of normative ethical theories to business ethics -- Influences on ethical decision-making -- The role of management tools in business ethics -- The role of different stakeholder constituencies in business ethics -- Trade-offs and conflicts between different stakeholder groups -- Summary. | |
| 520 | 8 | _aThe fourth edition of this book introduces business ethics concepts, tools and theories, then applies them to key stakeholder groups. It takes a global approach in a market dominated by US texts. The accessible style and thorough pedagogy ensure the book is both student- and teacher-friendly. | |
| 650 | 0 | _aBusiness ethics. | |
| 650 | 7 |
_aSociety. _2eflch |
|
| 650 | 7 |
_aÉthique des affaires. _2ram |
|
| 650 | 7 |
_aEntreprises multinationales _xAspect moral. _2ram |
|
| 650 | 7 |
_aPolitique économique _xAspect moral. _2ram |
|
| 650 | 7 |
_aMondialisation. _2ram |
|
| 650 | 7 |
_aDéveloppement durable. _2ram |
|
| 650 | 7 |
_aSociety. _2ukslc |
|
| 651 | 7 |
_aEuropa. _2swd |
|
| 700 | 1 |
_aMatten, Dirk, _eauthor. |
|
| 856 | 4 | 2 |
_3Companion website _uhttp://www.oxfordtextbooks.co.uk/orc/cranebe4e |
| 942 |
_2ddc _cBK _h174.4 _iCRA/B _k174.4 _mCRA/B |
||
| 999 |
_c44555 _d44555 |
||